000 00736nam a2200205 i 4500
001 94757
003 ES-MaACL
005 20231227180514.0
007 t|
008 050513s1949 sp |||| | spa d
100 1 _aLuca de Tena, Juan Ignacio,
_d1897-1975
_974513
245 1 3 _aEl vampiro de la calle de Claudio Coello
_b: farsa tragicómica en tres actos /
_cJuan Ignacio Luca de Tena [y] Luis Escobar.
260 _aMadrid :
_b[s.n.],
_c1949.
300 _a191 p. ;
_c20 cm.
594 _aEstrenada en el Teatro Alcázar el día 27 de abril de 1949.
700 1 _aEscobar, Luis,
_d1908-1991
_9148292
700 1 _aLuca de Tena, Juan Ignacio,
_d1897-1975
_974513
852 _aES-MaACL
_jB-12822
999 _c94757
_d94757